Human names in Axis Powers Hetalia - Statistics

General Stats
  • This quiz has been taken 743 times
  • The average score is 11 of 25
Answer Stats
Hint Answer % Correct
America Alfred F. Jones
93%
England Arthur Kirkland
85%
Germany Ludwig
80%
Japan Kiku Honda
76%
North Italy Feliciano Vargas
72%
Canada Matthew Williams
72%
France Francis Bonnefoy
71%
China Yao Wang
70%
South Italy Lovino Vargas
64%
Sealand Peter Kirkland
53%
Russia Ivan Braginski
49%
Prussia Gilbert Beilschmidt
47%
Austria Roderich Edelstein
46%
Spain Antonio Fernández Carriedo
35%
Switzerland Basch Zwingli
27%
Estonia Eduard Von Bock
26%
Greece Heracles Karpusi
26%
Finland Tino Väinämöinen
24%
Belarus Natalia Arlovskaya
21%
Hungary Elizabeta Héderváry
20%
Sweden Berwald Oxenstierna
18%
Latvia Raivis Galante
17%
Turkey Sadık Adnan
12%
Lithuania Toris Laurinaitis
12%
Poland Feliks Łukasiewicz
11%
No matching quizzes found
Score Distribution
Percent of People with Each Score
Percentile by Number Answered
Your Score History
You have not taken this quiz